000 00318nam a2200145Ia 4500
003 OSt
005 20231211071014.0
008 170524s9999 xx 000 0 und d
020 _a81-7391-147-9
040 _ciimt
100 _aRatandeep Singh
245 0 _aTourism India
260 _bKanishka Pub.
942 _2ddc
_c02
999 _c6779
_d6779